Životní prostředí je nutné řešit komplexně a nekompromisně. 5. Problém čištění odpadního vzduchu.
Význam a výhody termického čistenia odpadového vzduchu. Vyššie prevádzkové náklady, ale spätné získavanie tepla. Potreba integrovaného systému čistenia odpadového vzduchu a kúpenia čističiek odpadového vzduchu.
Gespeichert in:
| 1. Verfasser: | |
|---|---|
| Format: | Buchkapitel |
| Sprache: | Tschechisch |
| Schlagworte: | |
| Tags: |
Keine Tags, Fügen Sie das erste Tag hinzu!
|
MARC
| LEADER | 00000naa a2200000 4500 | ||
|---|---|---|---|
| 001 | r003138 | ||
| 005 | 20220819181254.0 | ||
| 041 | 0 | |a cze | |
| 044 | |a [CS] | ||
| 245 | 1 | 0 | |a Životní prostředí je nutné řešit komplexně a nekompromisně. 5. |b Problém čištění odpadního vzduchu. |c J. Nesvadba |
| 520 | |a Význam a výhody termického čistenia odpadového vzduchu. Vyššie prevádzkové náklady, ale spätné získavanie tepla. Potreba integrovaného systému čistenia odpadového vzduchu a kúpenia čističiek odpadového vzduchu. | ||
| 610 | 2 | 0 | |a prostredie životné |
| 610 | 2 | 0 | |a čistota ovzdušia |
| 610 | 2 | 0 | |a náklady prevádzkové |
| 100 | 1 | |a Nesvadba, J. | |